Cassell's German-English : English-German dictionary

Bibliographic Details
Format: Book
Published: London : Cassell Publishers , 1988
Subjects:

MARC

LEADER 00000cam a2200000 7i4500
001 0000003669
002 000003952
005 20000330.0
020 |a 0304522929 
090 0 0 |a 433.21   |b CAS 
245 0 0 |a Cassell's German-English :   |b English-German dictionary   |c completely revised by Harlod T.Betteridge 
260 |a London :   |b Cassell Publishers ,   |c 1988 
300 |a 1580p ;   |c 23cm. 
650 0 0 |a English language   |x Dictionaries   |x German language 
650 0 0 |a German language   |x Dictionaries 
999 |a 037123   |b BUKU   |c RUJUKAN   |e PERPUSTAKAAN KOMUNITI PETALING JAYA